Kylie the kittencillustrated by Peter Adby

Bibliographic Details
Main Author: Adby, Peter
Format: Book
Published: Nottinghamshire : Award Publications Limited , 2003
Subjects:

MARC

LEADER 00000cam a2200000 7i4500
001 0000278642
005 20200221074743.0
020 |a 9781841352800 
090 0 0 |a JF   |b ADB 
100 0 |a Adby, Peter 
245 1 0 |a Kylie the kittencillustrated by Peter Adby 
260 |a Nottinghamshire :   |b Award Publications Limited ,   |c 2003 
300 |a 1v. (unpaged) ;   |c 17cm. 
650 0 |a Children's stories 
999 |a 00374579   |b BUKU   |c PINJAMAN   |e PERPUSTAKAAN KOMUNITI PETALING JAYA 
999 |a 00374580   |b BUKU   |c PINJAMAN   |e PERPUSTAKAAN KOMUNITI CAW BANDAR UTAMA